| 000 | 00814nam a2200253 i 4500 | ||
|---|---|---|---|
| 001 | bg | ||
| 245 | 0 | 0 |
_aAccess 2000 / _cStephen Forte [et al. ; tł. Paweł Gonera, Michał Szolc]. |
| 260 |
_aGliwice : _b"Helion", _ccop.2001. |
||
| 300 |
_a714 s. : _brys. ; _c25 cm + _eCD ROM. |
||
| 504 | _aIndeks. | ||
| 650 | 9 | _aAccess | |
| 655 | _aPodręczniki | ||
| 700 | 1 | _aForte, Stephen. | |
| 020 | _a8371979132X | ||
| 040 | _cBPK | ||
| 041 | 1 |
_apl _ben |
|
| 080 | _a004.42:004.65](07) | ||
| 920 | _a83-71979-132-X | ||
| 942 | _cKS | ||
| 008 | s pl f |000 0 pol | ||
| 999 |
_c39251 _d39251 |
||
| 856 |
_uhttp://koha.tu.koszalin.pl/cgi-bin/koha/opac-detail.pl?biblionumber=39251 _yKatalog online BPK |
||